160 losowych Flag świata - Statystyki

Ogólne statystyki
  • Ten quiz został rozwiązany 12 razy
  • Średni wynik to 88 z 160
Statystyki odpowiedzi
Obrazkowy Hint Odpowiedź % Poprawnych
Bahrajn
100%
Belgia
100%
Białoruś
100%
Czechy
100%
Dominikana
100%
Gruzja
100%
Hiszpania
100%
Izrael
100%
Jamajka
100%
Kamerun
100%
Kanada
100%
Kazachstan
100%
Korea Północna
100%
Korea Południowa
100%
Mjanma
100%
Mozambik
100%
Słowacja
100%
Stany Zjednoczone
100%
Uganda
100%
Grecja
89%
Niemcy
89%
Norwegia
89%
Republika Południowej Afryki
89%
Czarnogóra
88%
Dania
88%
Rumunia
88%
Szwajcaria
88%
Zambia
88%
Argentyna
86%
Burkina Faso
86%
Irak
86%
Kenia
86%
Macedonia Północna
86%
Serbia
86%
Szwecja
86%
Tajlandia
86%
Watykan
86%
Włochy
86%
Albania
83%
Angola
83%
Austria
83%
Bułgaria
83%
Filipiny
83%
Finlandia
83%
Francja
83%
Holandia
83%
Malta
83%
Mauretania
83%
Nigeria
83%
Rosja
83%
Słowenia
83%
Trynidad i Tobago
83%
Arabia Saudyjska
80%
Estonia
80%
Ghana
80%
Indie
80%
Irlandia
80%
Jordania
80%
Panama
80%
Portugalia
80%
Rwanda
80%
San Marino
80%
Togo
80%
Islandia
78%
Kolumbia
78%
Kosowo
78%
Litwa
78%
Nowa Zelandia
78%
Szkocja
78%
Andora
75%
Australia
75%
Gabon
75%
Gwinea Bissau
75%
Luksemburg
75%
Madagaskar
75%
Meksyk
75%
Polska
75%
Portoryko
75%
Sierra Leone
75%
Tadżykistan
75%
Tanzania
75%
Timor Wschodni
75%
Ukraina
75%
Urugwaj
75%
Węgry
75%
Wielka Brytania
75%
Bahamy
71%
Barbados
71%
Bhutan
71%
Chile
71%
Chorwacja
71%
Demokratyczna Republika Konga
71%
Egipt
71%
Mołdawia
71%
Monako
71%
Tunezja
71%
Turcja
71%
Wyspy Owcze
71%
Zjednoczone Emiraty Arabskie
71%
Armenia
67%
Azerbejdżan
67%
Bangladesz
67%
Burundi
67%
Chiny
67%
Cypr
67%
Czad
67%
Ekwador
67%
Gwinea
67%
Indonezja
67%
Japonia
67%
Katar
67%
Kirgistan
67%
Kiribati
67%
Kostaryka
67%
Kuba
67%
Liechtenstein
67%
Malezja
67%
Mali
67%
Namibia
67%
Nauru
67%
Oman
67%
Pakistan
67%
Papua Nowa Gwinea
67%
Salwador
67%
Sri Lanka
67%
Sudan
67%
Turkmenistan
67%
Walia
67%
Wenezuela
67%
Wybrzeże Kości Słoniowej
67%
Benin
63%
Gujana
63%
Gwatemala
63%
Komory
63%
Liban
63%
Maroko
63%
Nepal
63%
Palestyna
63%
Paragwaj
63%
Peru
63%
Sudan Południowy
63%
Syria
63%
Algieria
60%
Anglia
60%
Boliwia
60%
Brazylia
60%
Honduras
60%
Kuwejt
60%
Łotwa
60%
Mauritius
60%
Mikronezja
60%
Mongolia
60%
Republika Środkowoafrykańska
60%
Somalia
60%
Antigua i Barbuda
57%
Belize
57%
Botswana
57%
Laos
57%
Lesotho
57%
Libia
57%
Wietnam
57%
Wyspy Marshalla
57%
Etiopia
56%
Bośnia i Hercegowina
50%
Brunei
50%
Grenlandia
50%
Guam
50%
Haiti
50%
Hongkong
50%
Iran
50%
Kongo
50%
Liberia
50%
Malawi
50%
Malediwy
50%
Niger
50%
Senegal
50%
Seszele
50%
Singapur
50%
Uzbekistan
50%
Wyspa Man
50%
Afganistan
44%
Dominika
44%
Erytrea
44%
Gwinea Równikowa
44%
Saint Lucia
44%
Fidżi
43%
Irlandia Północna
43%
Republika Zielonego Przylądka
43%
Tajwan
43%
Wyspy Świętego Tomasza i Książęca
43%
Kambodża
40%
Nikaragua
40%
Palau
40%
Polinezja Francuska
40%
Saint Kitts i Nevis
40%
Samoa
40%
Surinam
40%
Gibraltar
38%
Vanuatu
38%
Wyspy Alandzkie
38%
Dżibuti
33%
Grenada
33%
Gwadelupa
33%
Jemen
33%
Saint Vincent i Grenadyny
33%
Tonga
33%
Wake
33%
Wyspy Salomona
33%
Curaçao
29%
Antarktyka
25%
Makau
25%
Samoa Amerykańskie
25%
Wyspa Norfolk
25%
Gambia
20%
Sahara Zachodnia
20%
Sint Eustatius
20%
Brytyjskie Wyspy Dziewicze
17%
Gujana Francuska
17%
Pitcairn
17%
Saba
17%
To nie Norwegia Svalbard i Jan Mayen
17%
Tuvalu
17%
Brytyjskie Terytorium Antarktyczne
14%
Brytyjskie Terytorium Oceanu Indyjskiego
14%
Georgia Południowa i Sandwich Południowy
14%
Guernsey
14%
Holandia Karaibska
14%
Majotta
14%
Mariany Północne
14%
Montserrat
14%
Reunion
14%
Sint Maarten
14%
Tokelau
14%
Wyspa Clippertona
14%
Wyspy Dziewicze Stanów Zjednoczonych
14%
Aruba
13%
Bermudy
13%
Francuskie Terytoria Południowe i Antarktyczne
13%
Navassa
13%
Niue
13%
Nowa Kaledonia
13%
Saint-Barthélemy
13%
To nie Norwegia Wyspa Bouveta
13%
Wyspa Wniebowstąpienia
13%
Wyspy Kokosowe
13%
Howland, Jarvis i Baker
11%
Turks i Caicos
11%
Wallis i Futuna
11%
Kajmany
10%
Akrotiri
0%
Anguilla
0%
To nie USA Dalekie Wyspy Mniejsze Stanów Zjednoczonych
0%
Dhekelia
0%
Eswatini
0%
Falklandy
0%
Jersey
0%
Johnston
0%
Kingman
0%
Martynika
0%
Midway
0%
Palmyra
0%
To nie Francja Saint Martin
0%
Saint Pierre i Miquelon
0%
Tristan da Cunha
0%
Wyspa Bożego Narodzenia
0%
Wyspa Świętej Heleny
0%
Wyspy Cooka
0%
To nie Australia Wyspy Heard i McDonalda
0%
Zimbabwe
0%
Nie znaleziono quizów pasujących do podanych kryteriów
Rozkład punktacji
Procent ludzi z każdym wynikiem
Percentyl według liczby udzielonych odpowiedzi
Twoja historia wyników
Nie rozwiązałeś tego quizu